El efecto Deleuze / (Record no. 195736)

MARC details
000 -LEADER
campo de control de longitud fija 01265nam a2200337 i 4500
001 - NÚMERO DE CONTROL
campo de control 195736
003 - IDENTIFICADOR DE NÚMERO DE CONTROL
campo de control ES-MaACL
005 - FECHA Y HORA DE LA ÚLTIMA TRANSACCIÓN
campo de control 20251223201849.0
008 - DATOS DE LONGITUD FIJA--INFORMACIÓN GENERAL
campo de control de longitud fija 24 s2016 sp | |||| 000 0 spa
015 ## - NÚMERO DE BIBLIOGRAFÍA NACIONAL
Número de bibliografía nacional MON16
017 ## - NÚMERO DE COPYRIGHT O DE DEPÓSITO LEGAL
Número de copyright o de depósito legal Z 1155-2016
Agencia que asigna Oficina Depósito Legal Zaragoza
020 ## - NÚMERO INTERNACIONAL ESTÁNDAR DEL LIBRO
Número Internacional Estándar del Libro 9788494351143
035 ## - NÚMERO DE CONTROL DEL SISTEMA
Número de control de sistema (OCoLC)992765661
035 ## - NÚMERO DE CONTROL DEL SISTEMA
Número de control de sistema a5930321
040 ## - FUENTE DE CATALOGACIÓN
Centro catalogador/agencia de origen SpMaBN
Lengua de catalogación spa
Centro/agencia transcriptor SpMaBN
Normas de descripción rdc
080 ## - NÚMERO DE LA CLASIFICACIÓN DECIMAL UNIVERSAL
Número de la Clasificación Decimal Universal 1 Deleuze, Gilles
245 03 - MENCIÓN DEL TÍTULO
Título El efecto Deleuze /
Mención de responsabilidad, etc. José Luis Rodríguez García, Beatriz Elena Acosta, Juan Diego Parra ... [et al.] ; Luis Arenas (coordinador).
260 ## - PUBLICACIÓN, DISTRIBUCIÓN, ETC.
Lugar de publicación, distribución, etc. Zaragoza :
Nombre del editor, distribuidor, etc. Erial Ediciones,
Fecha de publicación, distribución, etc. 2016.
300 ## - DESCRIPCIÓN FÍSICA
Extensión 269 p. :
Dimensiones 19 cm.
490 1# - MENCIÓN DE SERIE
Mención de serie Crisis
Designación de volumen o secuencia 1
600 #0 - PUNTO DE ACCESO ADICIONAL DE MATERIA--NOMBRE DE PERSONA
Nombre de persona Deleuze, Gilles,
Fechas asociadas al nombre 1925-1995-
Subdivisión general Influencia
9 (RLIN) 237410
650 #7 - PUNTO DE ACCESO ADICIONAL DE MATERIA--TÉRMINO DE MATERIA
Término de materia o nombre geográfico como elemento de entrada Filosofía
Fuente del encabezamiento o término embne
9 (RLIN) 12802
700 0# - ENTRADA AGREGADA--NOMBRE PERSONAL
Nombre de persona Rodríguez García, José Luis,
Fechas asociadas al nombre 1949-2022
9 (RLIN) 98541
Término indicativo de función/relación Autor
700 ## - ENTRADA AGREGADA--NOMBRE PERSONAL
Nombre de persona Arenas, Luis,
Fechas asociadas al nombre 1969-
Relación pbd
9 (RLIN) 237411
Término indicativo de función/relación Autor
830 ## - PUNTO DE ACCESO ADICIONAL DE SERIE-TÍTULO UNIFORME
Título uniforme Crisis ;
Designación de volumen o secuencia 1
9 (RLIN) 239447
852 ## - LOCALIZACIÓN
Ubicación ES-MaACL
Ubicación en estantería Depósito J
Número de control de estantería N-8743
Donativo/Legado Donación: Editorial
Encuadernación Encuadernación rústica
itemnumber 204524
942 ## - ELEMENTOS DE ENTRADA SECUNDARIOS (KOHA)
Fuente del sistema de clasificación o colocación Clasificación decimal universal
Tipo de ítem Koha Libro impreso
Suprimir en OPAC No
954 ## - CATALOGADORES
Estado de la copia Tatiana Alejandra de Castro Pérez
Holdings
Estatus retirado Estado de pérdida Fuente del sistema de clasificación o colocación Estado de daño No para préstamo Biblioteca de origen Biblioteca actual Ubicación en estantería Fecha de adquisición Fuente de adquisición Total de préstamos Signatura topográfica completa Código de barras Visto por última vez Precio de reemplazo Tipo de ítem Koha
    Clasificación decimal universal     Biblioteca del Ateneo de Madrid Biblioteca del Ateneo de Madrid Depósito J 10/01/2025 Donación   N-8743 101229339 10/01/2025 10/01/2025 Libro impreso